LDR 00505naa#a2200169#i#450# 001 EN\\bibl\120456 005 20260513100713.3 011 ## _a1998-6785 100 ## _a20220321b2022####ek#y0engy0150####ca 102 ## _aRU 200 1# _aRussian political science in the context of the "spatial turn" _eJournal article 210 1# _aVladivostok _cVladivostok State University _d2022 215 ## _a16 с. 608 ## _aJournal article _2local 675 ## _aПолитика. 32 _z 700 #1 _aKireev _gAnton A 856 4# _avvgu.editorum.ru _u